| 000 | 00882cab a22002295a 4500 | ||
|---|---|---|---|
| 001 | L159859 | ||
| 008 | 150113e2017 xxk 000 0 eng d | ||
| 035 | _a(Sirsi) u159859 | ||
| 041 | 0 | _aeng | |
| 050 | _a690.241 $2 18 | ||
| 100 | 1 | _aCrofts, Sara | |
| 245 | 0 | 0 |
_aIt could be you? _h[electronic resource] |
| 260 |
_aLondon _bRICS _c2017 |
||
| 490 |
_aRICS Building Surveying Journal _vJuly - August 2017, 32-33(2) |
||
| 520 | _aReveals the impact the Heritage Lottery Fund has had on the sector over the past two decades, and the opportunities it offers for supporting future conservation work. | ||
| 650 | 2 | 4 | _aHISTORIC BUILDINGS |
| 650 | 2 | 4 | _aHERITAGE LOTTERY FUND |
| 651 | 4 |
_aUnited Kingdom _y |
|
| 690 | _aConservation and restoration | ||
| 856 | 4 | 0 |
_https://issuu.com/ricsmodus/docs/building_surveying_journal_july___a _yAvailable free online via Issuu |
| 942 |
_n0 _2ddc |
||
| 999 |
_c85022 _d85022 |
||